000 00660nam a2200241 i 4500
001 C2-0224097
003 PPAK
005 20180728152736.0
008 000322s1970 enk |||| ||||| | eng d
020 _a435183702
040 _aPPAK
_beng
_cPPAK
_erda
082 0 4 _a809.89171241
_223
090 0 0 _a809.89171241
_bNAT
_dKSA
245 0 0 _aNational identity
250 _aGoodwin, K.L.
264 1 _aLondon :
_bHeinemann Educational Books ,
_c1970
300 _axvi, 218 pages ;
_c24 cm
336 _2rdacontent
_atext
337 _2rdamedia
_aunmediated
338 _2rdacarrier
_avolume
650 1 0 _aCommonwealth Literature (English)
942 _ddc
_cB
999 _c145093
_d145093